000 00603nam a2200193Ia 4500
001 19146
003 GE_BSU
008 181216s||||||||xx |||||||||||||| ||und||
040 _cGE_BSU
245 _aУспехи современной биологии, Том 136.№1январь-февраль-,2016.
245 _cГл.ред.И.А.Захаров-Гезечус и др.
260 _aМосква
260 _bНаука
260 _c2016
300 _a112стр,28см
653 _aУспехи современной биологии
653 _aპერიოდიკა
942 _cCR
999 _c52139
_d52139